| 000 | 00499 a2200205 4500 | ||
|---|---|---|---|
| 005 | 20260204150019.0 | ||
| 008 | 260204b |||||||| |||| 00| 0 eng d | ||
| 020 |
_a9798898485856 _c$ 155.00 |
||
| 040 | _aMAIN | ||
| 082 |
_a571.9648 _bK747P |
||
| 100 | _aKnight, Rook | ||
| 245 | _aPrinciples of immunogenetics | ||
| 260 |
_bCell Publishing _c2026 _aWyoming |
||
| 300 | _a254 | ||
| 650 | _aBiology | ||
| 650 | _aImmunology | ||
| 650 | _aPhysiology | ||
| 650 | _aPathology | ||
| 942 | _cBK | ||
| 999 |
_c394954 _d394954 |
||